• 首页
  • 本馆介绍
  • 公告通知
  • 最新文献
  • 馆藏检索
  • 电子资源
  • 读者导购
  • 参考咨询
  • 我的图书馆
  • 登录
  • 详细信息显示
  • 放入我的书架
  • 预约/预借图书
  • 作者相关作品
  • 分类相关作品
  • 丛书相关作品
  • 出版社相关作品

书目信息

  • 表格格式
  • 工作单格式
  • 卡片格式
题名:
SEO全网优化指南
    
 
作者: 张新星 著
分册:  
出版信息: 北京   电子工业出版社  2017
页数: 14,333页
开本: 24cm
丛书名:
单 册:
中图分类: F713.365.2-62 , F713.365
科图分类:
主题词: 网络营销--指南
电子资源:
ISBN: 978-7-121-32167-2
000 00753nam0 2200229 450
001 2350178214
005 20231128135630.61
010    @a978-7-121-32167-2@dCNY59.00
100    @a20171018d2017 em y0chiy50 ea
101 0  @achi
102    @aCN@b110000
105    @aa z 000yy
200 1  @aSEO全网优化指南@ASEO quan wang you hua zhi nan@f张新星著
210    @a北京@c电子工业出版社@d2017
215    @a14,333页@c图@d24cm
330    @a本书共分十章,内容包括:SEO基本功、SEO的秘密武器、利用站群优化网站、利用SEO诊断网站、移动站优化、如何建设一支高效的SEO团队等。
606 0  @a网络营销@j指南
690    @aF713.365.2-62@v5
690    @aF713.365@v4
701  0 @a张新星@Azhang xin xing@4著
801  0 @aCN@b山东中教@c20231126
905    @aBZT@dF713.365@e12
    
    SEO全网优化指南/张新星著.-北京:电子工业出版社,2017
    14,333页:图;24cm
    
    
    ISBN 978-7-121-32167-2:CNY59.00
    本书共分十章,内容包括:SEO基本功、SEO的秘密武器、利用站群优化网站、利用SEO诊断网站、移动站优化、如何建设一支高效的SEO团队等。
●
相关链接 在五车中查询图书 在当当中查询图书 在豆瓣中查询图书


正题名:SEO全网优化指南     索取号:F713.365/12         预约/预借

序号 登录号 条形码 馆藏地/架位号 状态 备注
1 2001158962   2001158962   中教(第二批第二书库)/山东中教(第二批)/721/ [索取号:F713.365/12] 在馆    
2 2001158963   2001158963   中教(第二批第二书库)/山东中教(第二批)/721/ [索取号:F713.365/12] 在馆    
3 2001158964   2001158964   中教(第二批第二书库)/山东中教(第二批)/721/ [索取号:F713.365/12] 在馆    
4 2001158965   2001158965   中教(第二批第二书库)/山东中教(第二批)/721/ [索取号:F713.365/12] 在馆    
5 2001158966   2001158966   中教(第二批第二书库)/山东中教(第二批)/721/ [索取号:F713.365/12] 在馆    
6 2001158967   2001158967   中教(第二批第二书库)/山东中教(第二批)/721/ [索取号:F713.365/12] 在馆    
7 2001158968   2001158968   中教(第二批第二书库)/山东中教(第二批)/721/ [索取号:F713.365/12] 在馆    
8 2001158969   2001158969   中教(第二批第二书库)/山东中教(第二批)/721/ [索取号:F713.365/12] 在馆    
9 2001158970   2001158970   中教(第二批第二书库)/山东中教(第二批)/721/ [索取号:F713.365/12] 在馆    
10 2001158971   2001158971   中教(第二批第二书库)/山东中教(第二批)/721/ [索取号:F713.365/12] 在馆    
11 2001158972   2001158972   中教(第二批第二书库)/山东中教(第二批)/721/ [索取号:F713.365/12] 在馆    
12 2001158973   2001158973   中教(第二批第二书库)/山东中教(第二批)/721/ [索取号:F713.365/12] 在馆    
13 2001158974   2001158974   中教(第二批第二书库)/山东中教(第二批)/721/ [索取号:F713.365/12] 在馆    
14 2001158975   2001158975   中教(第二批第二书库)/山东中教(第二批)/721/ [索取号:F713.365/12] 在馆    
15 2001158976   2001158976   中教(第二批第二书库)/山东中教(第二批)/721/ [索取号:F713.365/12] 在馆    
16 2001158977   2001158977   中教(第二批第二书库)/山东中教(第二批)/721/ [索取号:F713.365/12] 在馆    
17 2001158978   2001158978   中教(第二批第二书库)/山东中教(第二批)/721/ [索取号:F713.365/12] 在馆    
18 2001158979   2001158979   中教(第二批第二书库)/山东中教(第二批)/721/ [索取号:F713.365/12] 在馆    
19 2001158980   2001158980   中教(第二批第二书库)/山东中教(第二批)/721/ [索取号:F713.365/12] 在馆    
20 2001158981   2001158981   中教(第二批第二书库)/山东中教(第二批)/721/ [索取号:F713.365/12] 在馆    
21 2001173925   2001173925   中教(第二批第二书库)/山东中教(第二批)/1533/ [索取号:F713.365/12] 在馆    
22 2001173926   2001173926   中教(第二批第二书库)/山东中教(第二批)/1533/ [索取号:F713.365/12] 在馆    
23 2001173927   2001173927   中教(第二批第二书库)/山东中教(第二批)/1533/ [索取号:F713.365/12] 在馆    
24 2001173928   2001173928   中教(第二批第二书库)/山东中教(第二批)/1533/ [索取号:F713.365/12] 在馆    
25 2001173929   2001173929   中教(第二批第二书库)/山东中教(第二批)/1533/ [索取号:F713.365/12] 在馆    
26 2001173930   2001173930   中教(第二批第二书库)/山东中教(第二批)/1533/ [索取号:F713.365/12] 在馆    
27 2001173931   2001173931   中教(第二批第二书库)/山东中教(第二批)/1533/ [索取号:F713.365/12] 在馆    
28 2001173932   2001173932   中教(第二批第二书库)/山东中教(第二批)/1533/ [索取号:F713.365/12] 在馆    
29 2001173933   2001173933   中教(第二批第二书库)/山东中教(第二批)/1533/ [索取号:F713.365/12] 在馆    
30 2001173934   2001173934   中教(第二批第二书库)/山东中教(第二批)/1533/ [索取号:F713.365/12] 在馆    
山东省滨州职业学院图书馆 欢迎您!
大连网信软件有限公司© 版权所有